|
|
|
|
| LEADER |
02132nam a2200541 a 4500 |
| 001 |
nkc20132485281 |
| 003 |
CZ PrNK |
| 005 |
20131125150850.0 |
| 007 |
ta |
| 008 |
131107s2013 xr a f 000 0 slo |
| 015 |
|
|
|a cnb002485281
|
| 020 |
|
|
|a 978-80-248-3126-8
|q (brož.)
|
| 035 |
|
|
|a (OCoLC)864848243
|
| 040 |
|
|
|a ABA001
|b cze
|
| 041 |
0 |
|
|a slo
|a eng
|
| 043 |
|
|
|a ec-----
|
| 072 |
|
7 |
|a 332
|x Regionální ekonomie, regionální ekonomika
|2 Konspekt
|9 4
|
| 080 |
|
|
|a 332.33
|2 MRF
|
| 080 |
|
|
|a 711.168
|2 MRF
|
| 080 |
|
|
|a 711.1
|2 MRF
|
| 080 |
|
|
|a (4-191.2)
|2 MRF
|
| 080 |
|
|
|a (048.8:082)
|2 MRF
|
| 080 |
|
|
|a (078.7)
|2 MRF
|
| 245 |
0 |
0 |
|a Teória a metodológia revitalizácie brownfieldov vo Vyšehradských krajinách /
|c editori Dagmar Petríková, Maroš Finka, Vladimír Ondrejička
|
| 260 |
|
|
|a Ostrava :
|b Vysoká škola báňská - Technická univerzita, Fakulta stavební,
|c [2013]
|
| 300 |
|
|
|a 94 s. :
|b il. ;
|c 22 cm
|
| 500 |
|
|
|a Nad názvem: Visegrad Fund
|
| 504 |
|
|
|a Obsahuje bibliografii
|
| 546 |
|
|
|a Část. anglický text
|
| 650 |
0 |
7 |
|a brownfields
|7 ph311256
|z země Visegrádské skupiny
|2 czenas
|
| 650 |
0 |
7 |
|a obnova území
|7 ph381214
|z země Visegrádské skupiny
|2 czenas
|
| 650 |
0 |
7 |
|a územní rozvoj
|7 ph128365
|z země Visegrádské skupiny
|2 czenas
|
| 650 |
0 |
9 |
|a brownfields
|z Visegrád Group countries
|2 eczenas
|
| 650 |
0 |
9 |
|a area redevelopment
|z Visegrád Group countries
|2 eczenas
|
| 650 |
0 |
9 |
|a territorial development
|z Visegrád Group countries
|2 eczenas
|
| 655 |
|
7 |
|a kolektivní monografie
|7 fd501537
|2 czenas
|
| 655 |
|
7 |
|a případové studie
|7 fd133208
|2 czenas
|
| 655 |
|
9 |
|a collective monographs
|2 eczenas
|
| 655 |
|
9 |
|a case studies
|2 eczenas
|
| 700 |
1 |
|
|a Petríková, Dagmar,
|d 1949-
|7 xx0101699
|4 edt
|
| 700 |
1 |
|
|a Finka, Maroš,
|d 1953-
|7 jo2012723892
|4 edt
|
| 700 |
1 |
|
|a Ondrejička, Vladimír
|7 jo2013793532
|4 edt
|
| 710 |
2 |
|
|a Mezinárodní visegrádský fond
|7 kn20030922004
|
| 910 |
2 |
|
|a BOA001
|b 2-1312.320
|
| 990 |
|
|
|a BK
|
| 995 |
|
|
|a 01
|
| 991 |
|
|
|b 201311
|c NOV
|e n
|
| 996 |
6 |
|
|b 2610568091
|c 2-1312.320
|l MZK
|r Sklad / do 1 hodiny
|n 3
|p p.v.
|w 001377525
|u 000010
|a 1
|e BOA001
|j MZK50
|s P
|